000 00879nas a2200277 4500
001 BR0808650
003 BR-BrBNA
005 20231205112903.0
007 ta
008 230509b bl.|||p| |||| 00| 00por d
040 _aBR-BrBNA
_bpor
_cBiblioteca Nacional de Agricultura
041 _a(Pt)
072 _aT01
100 1 _aFerreira, V.V.M.
100 1 _aMartinez, C.B.
100 1 _aVersiani, B.R.
245 1 _aAvaliação das emissões de gases de efeito estufa de reservatórios de usinas hidroelétricas em Minas Gerais
650 _aGÁS
650 _aEFEITO ESTUFA
650 _aRESERVATÓRIO DE ÁGUA
650 _aHIDRELÉTRICA
650 _aMINAS GERAIS
773 0 _tRevista Brasileira de Recursos Hídricos (Brazil)
_xISSN 1414-381X
_g(Jul-Sep 2006), v. 11(3) p. 113-122
_wBR0808650
909 _a202311
_bLúcia
_c55
_dLúcia Elande
942 _2AGRIS
_n0
_cANA
999 _c200599
_d200599